• 首页
  • 本馆介绍
  • 公告通知
  • 最新文献
  • 馆藏检索
  • 电子资源
  • 读者导购
  • 参考咨询
  • 我的图书馆
  • 登录
  • 详细信息显示
  • 放入我的书架
  • 预约/预借图书
  • 作者相关作品
  • 分类相关作品
  • 丛书相关作品
  • 出版社相关作品

书目信息

  • 表格格式
  • 工作单格式
  • 卡片格式
题名:
分子生物学与中药开发
    
 
作者: 周坤福 主编
分册:  
出版信息: 北京   人民卫生出版社  2000
页数: 339页
开本: 20cm
丛书名:
单 册:
中图分类: R285
科图分类:
主题词: 中药学
电子资源:
ISBN: 7-117-03742-3
000 00556nam0 2200193 45
001 0304071562
005 20031219104108.8
010    @a7-117-03742-3@dCNY16.00
100    @a20030407d2000 km y0chiy0120 ea
101 0  @achi
105    @a z 000yy
200 1  @a分子生物学与中药开发@AFen Zi Sheng Wu Xue Yu Zhong Yao Kai Fa@f周坤福主编@FZhou Kun Fu Zhu Bian
210    @a北京@c人民卫生出版社@d2000
215    @a339页@d20cm
606 0  @a中药学
690    @aR285@v4
701  0 @a周坤福@4主编
801    @aCN@bTSTC@c20030407
905    @b322232-236@dR285@e118@f5
    
    分子生物学与中药开发/周坤福主编.-北京:人民卫生出版社,2000
    339页;20cm
    
    
    ISBN 7-117-03742-3:CNY16.00
    
●
相关链接 在E读中查询图书 在五车中查询图书 在当当中查询图书 在豆瓣中查询图书


正题名:分子生物学与中药开发     索取号:R285/118         预约/预借

序号 登录号 条形码 馆藏地/架位号 状态 备注
1 0322232   203222324   第三借阅区/ [索取号:R285/118] 在馆    
2 0322233   203222333   教育系资料室/ [索取号:R285/118] 在馆    
3 0322234   203222342   教育系资料室/ [索取号:R285/118] 在馆    
4 0322235   203222351   第三借阅区/ [索取号:R285/118] 在馆    
5 0322236   203222360   第二样本阅览室/ [索取号:R285/118] 在馆    
唐山师范学院图书馆 欢迎您!
大连网信软件有限公司© 版权所有